Jesús: aproximación histórica
Uloženo v:
| Hlavní autor: | |
|---|---|
| Médium: | Kniha |
| Jazyk: | španělština |
| Vydáno: |
Buenos Aires
PPC Cono Sur
2013
|
| Vydání: | 1a. ed |
| Témata: | |
| Tagy: |
Přidat tag
Žádné tagy, Buďte první, kdo vytvoří štítek k tomuto záznamu!
|
MARC
| LEADER | 00000cam a2200000 a 4500 | ||
|---|---|---|---|
| 001 | UCE8480 | ||
| 003 | CL-VaPUC | ||
| 008 | 150806e20130000ag |||||||||||||||||spa|d | ||
| 020 | |a 9789871931323 | ||
| 082 | 0 | 4 | |a 232 |b PAG |2 21 |
| 100 | |a Pagola Elorza, José Antonio |e autor |9 598546 | ||
| 245 | 1 | 0 | |a Jesús: aproximación histórica |
| 250 | |a 1a. ed | ||
| 300 | |a 574 p | ||
| 942 | |c BK | ||
| 945 | |d 20150806 12:26:00 |a gsalatino | ||
| 260 | |a Buenos Aires |b PPC Cono Sur |c 2013 | ||
| 600 | 0 | |a Jesús |9 313614 | |
| 650 | 0 | |a Cristología |9 315091 | |
| 583 | |a last modification |c 20150806 12:26:00 |k Rodrigo Vera | ||
| 999 | |c 360326 |d 360324 | ||
| 952 | |0 0 |1 0 |3 erb |4 0 |6 232_000000000000000_PAG_2013 |7 0 |8 A |9 470052 |a BIBTEO |b BIBTEO |i 5192889 |l 2 |o 232 PAG 2013 |p 5192889 |r 2025-01-17 |s 2024-04-25 |w 2019-11-23 |y BK |z Catalogado en:20150806 |k ICR | ||
| 952 | |0 0 |1 0 |3 erb |4 0 |6 232_000000000000000_PAG_2013 |7 0 |8 A |9 470053 |a BIBTEO |b BIBTEO |i 5399246 |l 2 |o 232 PAG 2013 |p 5399246 |r 2025-01-17 |s 2024-04-25 |w 2019-11-23 |y BK |z Catalogado en:20170616 |k ICR | ||